00893nam a22001937a 4500008004100000020001800041050002300059100002700082245015100109250001200260260003700272300002300309500015300332650003200485650003600517942001200553952011700565999001700682140313t2012 mx ||||| |||| 00| 0 spa d a9786071509444 aHF5415.15 U47 2013 aUlrich, Karl T. 94934 aDiseño y desarrollo de productosb/ Karl T. Ulrich, Steven D. Eppinger ; Jorge Humberto Romo Muñoz, Ricardo Martín Rubio Ruiz, traducción. a5a ed.  aMéxicob: McGraw Hill c, 2013 axx: 409 páginas. aEducación Mixta Administración / Administracción de la producción (P07 L-2) (06 002539) incluye referencias bibliográficas e índice.  aARQUITECTURA-DISEÑO94935 aPRODUCTO-ADMINISTRACIÓN94936 cLB2lcc 00102lcc4070a06b06d2025-03-14l4oHF5415.15 U47 2013p06 002539r2017-12-07s2017-12-07t1w2014-03-25yLB c92210d92210